Mistrzowie i wicemistrzowie Rosji - piłka nożna - Statystyki

Ogólne statystyki
  • Ten quiz został rozwiązany 476 razy
    415 od ostatniego zresetowania
  • Średni wynik to 5 z 10
Statystyki odpowiedzi
Tytuł mistrzowski II miejsce Zespół % Poprawnych
9 3 Zenit Sankt-Petersburg
92%
6 9 CSKA Moskwa
85%
10 6 Spartak Moskwa
79%
3 6 Lokomotiw Moskwa
73%
0 1 Dinamo Moskwa
66%
2 0 Rubin Kazań
58%
0 1 FK Rostów
26%
0 1 PFK Soczi
15%
1 2 Spartak Władykaukaz
6%
0 2 Rotor Wołgograd
5%
Nie znaleziono quizów pasujących do podanych kryteriów
Rozkład punktacji
Procent ludzi z każdym wynikiem
Percentyl według liczby udzielonych odpowiedzi
Twoja historia wyników
Nie rozwiązałeś tego quizu od ostatniego zresetowania